banner koha

Salmão voador (Registro n. 339723)

MARC details
000 -LÍDER
fixed length control field 00733nab a2200229 4500
003 - CÓDIGO MARC DA AGÊNCIA CATALOGADORA
Campo de controle BR-BrBNA
005 - DATA E HORA DA ÚLTIMA ATUALIZAÇÃO
Campo de controle 20260102220308.0
008 - CAMPO DE TAMANHO FIXO
fixed length control field 260102b bl.||||| |||| 00| 0 por d
040 ## - FONTE DA CATALOGAÇÃO
Agência catalogadora BR-BrBNA
Idioma da catalogação por
072 ## - CATEGORIA AGRIS
Código AGRIS M11 ; E21 ; J14 ; E71
Código do objeto 8130
100 ## - ENTRADA PRINCIPAL - NOME PESSOAL
Nome pessoal Jankavski, André
245 ## - TÍTULO PRINCIPAL
Título principal Salmão voador
Subtítulo Agronegócios
500 ## - NOTA GERAL
Nota geral 7 illus.
942 ## - ADDED ENTRY ELEMENTS (KOHA)
Koha item type Analítica
650 ## - ASSUNTO - THESAGRO
Cabeçalho tópico ou nome geográfico SALMÃO
650 ## - ASSUNTO - THESAGRO
Cabeçalho tópico ou nome geográfico PEIXE MARINHO
650 ## - ASSUNTO - THESAGRO
Cabeçalho tópico ou nome geográfico IMPORTAÇÃO
650 ## - ASSUNTO - THESAGRO
Cabeçalho tópico ou nome geográfico CHILE
650 ## - ASSUNTO - THESAGRO
Cabeçalho tópico ou nome geográfico TRANSPORTE AÉREO
773 0# - ENTRADA ANALÍTICA
Host Biblionumber 1706
Registro do item 348089
Imprenta São Paulo-SP Editora Três Ltda - E-mail: luizfsa@revistadinheiro.com.br 2004
Outro identificador 2025-0582
Título Dinheiro Rural (Brazil)
ISSN 1807-3700
Colação v. 9(109) p. 60-63; (Nov 2013)
Número de controle de registro BR2025005888

Nenhum exemplar disponível.

BINAGRI

Telefone: (61)3218-2567/2388/3357/2097 - binagri@agro.gov.br

Ministério da Agricultura e Pecuária , Esplanada dos Ministérios, Bloco D, Anexo B, Brasília/DF, CEP: 70.043-900